[Event "TCh-POL Ekstraliga 2025"]
[Site "Chotowa POL"]
[Date "2025.06.04"]
[Round "3.2"]
[White "Dardha, Daniel"]
[Black "Malek, Jan"]
[Result "1/2-1/2"]
[WhiteTitle "GM"]
[BlackTitle "GM"]
[WhiteElo "2646"]
[BlackElo "2505"]
[WhiteTeam "KSz HETMAN Katowice"]
[BlackTeam "KSz Polonia Wroclaw"]
[WhiteFideId "240990"]
[BlackFideId "21864080"]
[EventDate "2025.06.02"]

1. Nf3 Nf6 2. c4 e6 3. b3 d5 4. Bb2 Bd6 5. g3 O-O 6. Bg2 Nc6 7. O-O d4 8. Nxd4
Nxd4 9. Bxd4 Bxg3 10. hxg3 Qxd4 11. Nc3 c6 12. e3 Qd3 13. Qe2 Rd8 14. Qxd3 Rxd3
15. Rfd1 e5 16. Na4 Rb8 17. Nc5 Rd8 18. d4 exd4 19. Rxd4 Rxd4 20. exd4 Bf5 21.
f3 Kf8 22. g4 Bc8 23. Kf2 g5 24. Rh1 b5 25. Bf1 Kg7 26. Bd3 bxc4 27. Bxc4 h6 28.
Re1 Kf8 29. a3 Nd5 30. Bxd5 cxd5 31. b4 Rb6 32. Re5 Rd6 33. a4 a6 34. Re2 Rf6
35. Kg3 Rf4 36. Rd2 Ke7 37. b5 axb5 38. axb5 Rf6 39. Rb2 Rb6 40. Na4 Rb8 41. b6
Kd6 42. Rh2 Kc6 43. Rc2+ Kb5 44. b7 Rxb7 45. Nc3+ Ka5 46. Nxd5 Be6 47. Nf6 Bb3
48. Rh2 Rb6 49. Rxh6 Kb5 50. f4 gxf4+ 51. Kxf4 Rd6 52. Ke5 Re6+ 53. Kf5 Rd6 54.
d5 Bxd5 55. Ke5 Kc6 1/2-1/2

[Event "TCh-POL Ekstraliga 2025"]
[Site "Chotowa POL"]
[Date "2025.06.04"]
[Round "3.3"]
[White "Bartel, Mateusz"]
[Black "Piorun, Kacper"]
[Result "1/2-1/2"]
[WhiteTitle "GM"]
[BlackTitle "GM"]
[WhiteElo "2579"]
[BlackElo "2579"]
[WhiteTeam "KSz Polonia Wroclaw"]
[BlackTeam "KSz HETMAN Katowice"]
[WhiteFideId "1112635"]
[BlackFideId "1130420"]
[EventDate "2025.06.02"]

1. e4 e5 2. Nf3 Nc6 3. Bc4 Bc5 4. c3 Nf6 5. d3 d6 6. O-O h6 7. b4 Bb6 8. a4 a5
9. b5 Ne7 10. Nbd2 O-O 11. Re1 Ng6 12. h3 c6 13. d4 exd4 14. cxd4 d5 15. exd5
Nxd5 16. Ba3 Re8 17. Rxe8+ Qxe8 18. Qb3 Qd8 19. Ne4 Bc7 20. Re1 Rb8 21. Bc5 Be6
22. Ba7 Ra8 23. Bc5 Rb8 24. Ba7 1/2-1/2

[Event "TCh-POL Ekstraliga 2025"]
[Site "Chotowa POL"]
[Date "2025.06.04"]
[Round "3.4"]
[White "Klimkowski, Jan"]
[Black "Gumularz, Szymon"]
[Result "1/2-1/2"]
[WhiteTitle "GM"]
[BlackTitle "GM"]
[WhiteElo "2508"]
[BlackElo "2605"]
[WhiteTeam "KSz HETMAN Katowice"]
[BlackTeam "KSz Polonia Wroclaw"]
[WhiteFideId "21856222"]
[BlackFideId "1188062"]
[EventDate "2025.06.02"]

1. d4 d5 2. c4 c6 3. Nf3 Nf6 4. e3 a6 5. Nbd2 Bf5 6. Nh4 Be4 7. Qb3 Qc7 8. Nxe4
dxe4 9. f3 c5 10. fxe4 Nxe4 11. Nf3 g6 12. Bd3 Nf6 13. O-O Bg7 14. Bd2 O-O 15.
Kh1 Nbd7 16. Be1 e5 17. dxe5 Nxe5 18. Bg3 Nh5 19. Bxe5 Bxe5 20. Nxe5 Qxe5 21.
Qxb7 Qxe3 22. Qf3 Qxf3 23. Rxf3 f5 24. Re1 Rab8 25. Re2 Rfd8 26. g3 Nf6 27. Kg2
Kf7 28. h3 h5 29. Rfe3 Re8 30. Rxe8 Nxe8 31. Rf2 Rd8 32. Rf3 Nf6 33. Kf2 Rb8 34.
b3 a5 35. Ke3 Rd8 36. a3 Nd7 37. Rf1 Ne5 38. Be2 Rb8 39. Rb1 Kf6 40. Kd2 Nc6 41.
Kc3 Re8 42. Kd2 h4 43. gxh4 Rh8 44. h5 gxh5 45. h4 Rd8+ 46. Kc3 Rg8 47. Bxh5 Rh8
48. Bf3 Nd4 49. Bd1 Rxh4 50. b4 Rh3+ 51. Kd2 axb4 52. axb4 cxb4 1/2-1/2

[Event "TCh-POL Ekstraliga 2025"]
[Site "Chotowa POL"]
[Date "2025.06.04"]
[Round "3.5"]
[White "Sowinski, Pawel"]
[Black "Seemann, Jakub"]
[Result "1/2-1/2"]
[WhiteTitle "IM"]
[BlackTitle "IM"]
[WhiteElo "2451"]
[BlackElo "2450"]
[WhiteTeam "KSz Polonia Wroclaw"]
[BlackTeam "KSz HETMAN Katowice"]
[WhiteFideId "21881979"]
[BlackFideId "21874697"]
[EventDate "2025.06.02"]

1. Nf3 Nf6 2. g3 g6 3. Bg2 Bg7 4. O-O O-O 5. d4 d5 6. c3 a5 7. a4 Bf5 8. Nbd2
Nbd7 9. h3 Nb6 10. Re1 Qc8 11. Kh2 c5 12. e3 Rd8 13. Qe2 c4 14. Ne5 Nfd7 15. f4
Nxe5 16. fxe5 Bd3 17. Qf2 Qf5 18. Qg1 Qd7 19. e4 e6 20. h4 Nxa4 21. exd5 exd5
22. Bh3 Qe8 23. Nf3 b5 24. h5 Ra6 25. Bg5 Rb8 26. h6 Bf8 27. e6 fxe6 28. Ne5 Bf5
29. Bxf5 exf5 30. Qg2 Re6 31. Qxd5 Nb6 32. Qf3 a4 33. Re2 Nd7 34. Qd5 Nb6 35.
Qf3 Nd7 36. Qd5 1/2-1/2

[Event "TCh-POL Ekstraliga 2025"]
[Site "Chotowa POL"]
[Date "2025.06.04"]
[Round "3.6"]
[White "Socko, Monika"]
[Black "Starosta, Martyna"]
[Result "1-0"]
[WhiteTitle "GM"]
[BlackTitle "WFM"]
[WhiteElo "2369"]
[BlackElo "2182"]
[WhiteTeam "KSz HETMAN Katowice"]
[BlackTeam "KSz Polonia Wroclaw"]
[WhiteFideId "1106619"]
[BlackFideId "21818754"]
[EventDate "2025.06.02"]

1. e4 c6 2. d4 d5 3. exd5 cxd5 4. Bd3 Nc6 5. c3 Nf6 6. Bf4 Bg4 7. Qb3 Qd7 8. Nd2
e6 9. Ngf3 Bd6 10. Bxd6 Qxd6 11. O-O O-O 12. Rfe1 Rab8 13. Ne5 Bh5 14. Qc2 Rfc8
15. Nxc6 Rxc6 16. Re3 b5 17. a3 Bg6 18. Nf3 Ng4 19. Ree1 a5 20. h3 Bxd3 21. Qxd3
Nf6 22. Ne5 Rc7 23. Qe2 Nd7 24. Nd3 h6 25. Rad1 Rb6 26. Qd2 Rc8 27. Re3 Nf6 28.
Nc5 Nd7 29. b4 Rbc6 30. Qe2 Rb8 31. Rg3 Nb6 32. bxa5 Na4 33. Nd7 Rbc8 34. Qg4 g6
35. Ne5 Rxc3 36. Nxf7 Rxg3 37. Nxd6 Rxg4 38. Nxc8 Rf4 39. a6 Rf8 40. Rc1 1-0

[Event "TCh-POL Ekstraliga 2025"]
[Site "Chotowa POL"]
[Date "2025.06.04"]
[Round "3.1"]
[White "Maurizzi, Marc'Andria"]
[Black "Pultinevicius, Paulius"]
[Result "1-0"]
[WhiteTitle "GM"]
[BlackTitle "GM"]
[WhiteElo "2607"]
[BlackElo "2561"]
[WhiteTeam "SzSON ZAGLEBIE Dabrowa Gornicza"]
[BlackTeam "KSz Hetman Plock"]
[WhiteFideId "36083534"]
[BlackFideId "12809390"]
[EventDate "2025.06.02"]

1. e4 c6 2. d4 d5 3. e5 Bf5 4. Nd2 e6 5. Nb3 Nd7 6. Nf3 Bg6 7. c3 a6 8. Be2 c5
9. O-O c4 10. Nbd2 b5 11. g3 Be7 12. Ne1 b4 13. cxb4 Bxb4 14. Nc2 Ba5 15. b3 Bc3
16. Rb1 Qa5 17. bxc4 Qxa2 18. Nb4 Qa5 19. cxd5 exd5 20. Nxd5 Bxd2 21. Bf3 Bxc1
22. Rxc1 Rb8 23. Nc7+ Kf8 24. e6 fxe6 25. Nxe6+ Kf7 26. Ra1 Qb5 27. Nc7 Qd3 28.
Bd5+ Kf6 29. Rxa6+ Rb6 30. Rxb6+ Nxb6 31. Qc1 Qxd4 32. Qc6+ Kf5 33. Be6+ Kg5 34.
h4+ Kh5 35. Qb5+ Nd5 36. Nxd5 Kh6 37. Ne3 1-0

[Event "TCh-POL Ekstraliga 2025"]
[Site "Chotowa POL"]
[Date "2025.06.04"]
[Round "3.2"]
[White "Jarmula, Lukasz"]
[Black "Boyer, Mahel"]
[Result "1/2-1/2"]
[WhiteTitle "GM"]
[BlackTitle "GM"]
[WhiteElo "2440"]
[BlackElo "2523"]
[WhiteTeam "KSz Hetman Plock"]
[BlackTeam "SzSON ZAGLEBIE Dabrowa Gornicza"]
[WhiteFideId "1160664"]
[BlackFideId "45102422"]
[EventDate "2025.06.02"]

1. b3 e5 2. Bb2 Nc6 3. e3 d5 4. Bb5 Bd6 5. f4 Qh4+ 6. g3 Qe7 7. Nf3 f6 8. Nc3
Be6 9. fxe5 fxe5 10. d4 e4 11. Ne5 Bxe5 12. Qh5+ Bf7 13. Qxe5 Qxe5 14. dxe5 Ne7
15. O-O-O O-O-O 16. Rhf1 Bh5 17. Be2 Bf3 18. Bxf3 exf3 19. Na4 Ng6 20. Rxf3
Ngxe5 21. Rf4 Rhe8 22. Nc3 Ne7 23. e4 N7g6 24. Rf5 dxe4 25. Rxd8+ Kxd8 26. Nxe4
Ng4 27. Ng5 Re1+ 28. Kd2 Rg1 29. Bxg7 Nxh2 30. Rf7 Rxg3 31. Ne6+ Ke8 32. Rxc7 h5
33. Rxb7 h4 34. Bf6 h3 35. Rh7 Ng4 36. Ng7+ Kf8 37. Ne6+ Ke8 38. Bd4 h2 39. Ng7+
Kd8 40. Ne6+ Ke8 41. Bxa7 Rg2+ 42. Kc3 Nf6 43. Nc7+ Kf8 44. Ne6+ Ke8 45. Nc7+
Kf8 46. Ne6+ Ke8 1/2-1/2

[Event "TCh-POL Ekstraliga 2025"]
[Site "Chotowa POL"]
[Date "2025.06.04"]
[Round "3.3"]
[White "Cieslak, Patryk"]
[Black "Kazakouski, Valery"]
[Result "1-0"]
[WhiteTitle "FM"]
[BlackTitle "GM"]
[WhiteElo "2442"]
[BlackElo "2585"]
[WhiteTeam "SzSON ZAGLEBIE Dabrowa Gornicza"]
[BlackTeam "KSz Hetman Plock"]
[WhiteFideId "21078882"]
[BlackFideId "13507443"]
[EventDate "2025.06.02"]

1. d4 d5 2. c4 c6 3. Nc3 Nf6 4. Nf3 dxc4 5. a4 Bf5 6. e3 e6 7. Bxc4 Bb4 8. O-O
O-O 9. Qe2 Bg6 10. Ne5 Nbd7 11. Nxg6 hxg6 12. Rd1 Qa5 13. e4 e5 14. Na2 Be7 15.
Bd2 Qc7 16. Bc3 exd4 17. Bxd4 Ne5 18. Nc3 Rad8 19. g3 g5 20. Kg2 a5 21. h3 Nfd7
22. Be3 Rfe8 23. Ba2 Nf8 24. Qc2 Qc8 25. Rxd8 Bxd8 26. Nb5 Be7 27. Nd4 g6 28.
Qb3 c5 29. Nf3 c4 30. Qb5 Nxf3 31. Kxf3 Bf6 32. Qxc4 Ne6 33. Qxc8 Rxc8 34. Bxe6
fxe6 35. Rc1 Rf8 36. Kg4 b5 37. Rc5 Rb8 38. Rxb5 Rxb5 39. axb5 Bxb2 40. b6 Be5
41. Kxg5 1-0

[Event "TCh-POL Ekstraliga 2025"]
[Site "Chotowa POL"]
[Date "2025.06.04"]
[Round "3.4"]
[White "Nguyen, Piotr"]
[Black "Olsen, Filip Boe"]
[Result "1/2-1/2"]
[WhiteTitle "IM"]
[BlackTitle "IM"]
[WhiteElo "2394"]
[BlackElo "2449"]
[WhiteTeam "KSz Hetman Plock"]
[BlackTeam "SzSON ZAGLEBIE Dabrowa Gornicza"]
[WhiteFideId "1127993"]
[BlackFideId "1440640"]
[EventDate "2025.06.02"]

1. e4 c5 2. Nf3 d6 3. Bb5+ Bd7 4. Bxd7+ Nxd7 5. O-O e6 6. Qe2 Be7 7. b3 Bf6 8.
c3 Ne7 9. d4 cxd4 10. cxd4 Nc6 11. Bb2 O-O 12. Nbd2 d5 13. exd5 exd5 14. Qb5 Nb6
15. Ne5 a6 16. Qd3 Nd7 17. Qf5 Ncxe5 18. dxe5 g6 19. Qf4 Bg7 20. Nf3 Qa5 21.
Rfd1 Rae8 22. b4 Qb5 23. a4 Qe2 24. Rd2 Qe4 25. Qxe4 dxe4 26. Rxd7 exf3 27. Rxb7
Bxe5 28. Bxe5 Rxe5 29. gxf3 Rc8 30. b5 axb5 31. a5 Rec5 32. Kg2 Rg5+ 33. Kf1
Rgc5 34. a6 Rc1+ 35. Rxc1 Rxc1+ 36. Ke2 Ra1 37. a7 Kg7 38. Kd3 Ra4 1/2-1/2

[Event "TCh-POL Ekstraliga 2025"]
[Site "Chotowa POL"]
[Date "2025.06.04"]
[Round "3.5"]
[White "Poltorak, Sebastian"]
[Black "Hnydiuk, Aleksander"]
[Result "1-0"]
[WhiteTitle "FM"]
[BlackTitle "IM"]
[WhiteElo "2410"]
[BlackElo "2330"]
[WhiteTeam "SzSON ZAGLEBIE Dabrowa Gornicza"]
[BlackTeam "KSz Hetman Plock"]
[WhiteFideId "1199498"]
[BlackFideId "1109057"]
[EventDate "2025.06.02"]

1. e4 e5 2. Nf3 Nf6 3. Nc3 Nc6 4. g3 d5 5. exd5 Nxd5 6. Bg2 Nxc3 7. bxc3 Bc5 8.
O-O O-O 9. Re1 Bb6 10. d3 Re8 11. a4 Bg4 12. h3 Bh5 13. g4 Bg6 14. Ng5 h6 15.
Ne4 f5 16. gxf5 Bxf5 17. Qh5 Rf8 18. Be3 Bxe3 19. Rxe3 Bh7 20. Rg3 Kh8 21. Nc5
Rf6 22. Re1 b6 23. Ne4 Re6 24. Qf7 Re7 25. Qf3 Re6 26. Qf7 Re7 27. Qc4 Na5 28.
Qb4 c5 29. Qb5 Rc8 30. c4 Nc6 31. c3 Qc7 32. Rge3 Nd8 33. Ng3 Nf7 34. h4 Nd6 35.
Qb3 Nf5 36. Nxf5 Bxf5 37. Bd5 Qd6 38. Qd1 Rf8 39. Qh5 Bg6 40. Qg4 Bf5 41. Qg3
Rfe8 42. d4 cxd4 43. cxd4 Qb4 44. dxe5 Qxa4 45. Qf3 Be6 46. Bc6 Qxc4 47. Bxe8
Rxe8 48. Re4 Qc5 49. Qe3 Qe7 50. Rd1 Bf5 51. Rf4 Bc8 52. Kh2 Bb7 53. Rg1 Qe6 54.
Qg3 Qd7 55. h5 Bd5 56. Rd4 Re7 57. Rgd1 1-0

[Event "TCh-POL Ekstraliga 2025"]
[Site "Chotowa POL"]
[Date "2025.06.04"]
[Round "3.6"]
[White "Rakhmangulova, Anastasiya"]
[Black "Kubicka, Anna"]
[Result "1/2-1/2"]
[WhiteTitle "WGM"]
[BlackTitle "WIM"]
[WhiteElo "2281"]
[BlackElo "2227"]
[WhiteTeam "KSz Hetman Plock"]
[BlackTeam "SzSON ZAGLEBIE Dabrowa Gornicza"]
[WhiteFideId "14117479"]
[BlackFideId "1152254"]
[EventDate "2025.06.02"]

1. e4 c6 2. d4 d5 3. e5 Bf5 4. h4 h5 5. Bd3 Bxd3 6. Qxd3 Qa5+ 7. b4 Qa6 8. Qxa6
Nxa6 9. c3 Nc7 10. Nd2 a5 11. bxa5 Rxa5 12. a4 b5 13. Nb3 Rxa4 14. Rxa4 bxa4 15.
Nc5 a3 16. Bxa3 e6 17. Ne2 Nh6 18. O-O Bxc5 19. Bxc5 Kd7 20. Ra1 Ra8 21. Rxa8 1/2-1/2

[Event "TCh-POL Ekstraliga 2025"]
[Site "Chotowa POL"]
[Date "2025.06.04"]
[Round "3.1"]
[White "Tazbir, Marcin"]
[Black "Svane, Frederik"]
[Result "1/2-1/2"]
[WhiteTitle "GM"]
[BlackTitle "GM"]
[WhiteElo "2504"]
[BlackElo "2667"]
[WhiteTeam "LKS Wrzos Miedzyborow"]
[BlackTeam "Akademia Szachowa Gliwice"]
[WhiteFideId "1122452"]
[BlackFideId "12923044"]
[EventDate "2025.06.02"]

1. c4 e5 2. Nc3 Nf6 3. Nf3 Nc6 4. g3 d5 5. cxd5 Nxd5 6. d3 Be7 7. Bg2 Be6 8. Bd2
O-O 9. O-O Re8 10. Nxd5 Bxd5 11. Bc3 Bf6 12. Re1 a5 13. Qa4 Qd6 14. Nd2 Bxg2 15.
Kxg2 Qd5+ 16. Qe4 Qd7 17. a4 Be7 18. Qc4 Red8 19. Rac1 h5 20. Nf3 Qd5 21. Qxd5
Rxd5 22. Bd2 f6 23. Rc4 Rc5 24. Rxc5 Bxc5 25. Rc1 Be7 26. Be3 Rd8 27. Nd2 Kf7
28. Nb3 Ke6 29. Bc5 Bd6 30. Kf3 Rb8 31. e3 Kd7 32. Nd2 b5 33. axb5 Rxb5 34. Ba3
f5 35. Rc2 g5 36. h3 g4+ 37. hxg4 hxg4+ 38. Ke2 Rb8 39. Nc4 f4 1/2-1/2

[Event "TCh-POL Ekstraliga 2025"]
[Site "Chotowa POL"]
[Date "2025.06.04"]
[Round "3.2"]
[White "Svane, Rasmus"]
[Black "Cyborowski, Lukasz"]
[Result "1/2-1/2"]
[WhiteTitle "GM"]
[BlackTitle "GM"]
[WhiteElo "2626"]
[BlackElo "2459"]
[WhiteTeam "Akademia Szachowa Gliwice"]
[BlackTeam "LKS Wrzos Miedzyborow"]
[WhiteFideId "4657101"]
[BlackFideId "1108760"]
[EventDate "2025.06.02"]

1. d4 d5 2. c4 e6 3. Nc3 Nf6 4. cxd5 exd5 5. Bg5 c6 6. e3 Be7 7. Bd3 Nbd7 8. Nf3
Nf8 9. Ne5 N6d7 10. Bxe7 Qxe7 11. f4 Nxe5 12. fxe5 f6 13. O-O fxe5 14. Qa4 Nd7
15. e4 Nb6 16. Qd1 Be6 17. exd5 Nxd5 18. Nxd5 Bxd5 19. Qg4 Qe6 20. Bf5 Qe7 21.
Bd3 Qe6 22. Bf5 Qe7 1/2-1/2

[Event "TCh-POL Ekstraliga 2025"]
[Site "Chotowa POL"]
[Date "2025.06.04"]
[Round "3.3"]
[White "Antoniewski, Rafal"]
[Black "Tomczak, Jacek"]
[Result "1/2-1/2"]
[WhiteTitle "GM"]
[BlackTitle "GM"]
[WhiteElo "2441"]
[BlackElo "2576"]
[WhiteTeam "LKS Wrzos Miedzyborow"]
[BlackTeam "Akademia Szachowa Gliwice"]
[WhiteFideId "1111078"]
[BlackFideId "1124668"]
[EventDate "2025.06.02"]

1. Nf3 Nf6 2. b3 c5 3. Bb2 d6 4. c4 e5 5. d3 Nc6 6. g3 Be7 7. Bg2 Bg4 8. h3 Bd7
9. Nc3 O-O 10. O-O Qc8 11. Kh2 Ne8 12. e3 f5 13. Nd2 Nc7 14. f4 Bf6 15. Nd5 Nxd5
16. cxd5 Nd8 17. fxe5 Bxe5 18. Bxe5 dxe5 19. Rc1 Bb5 20. Nc4 Nf7 21. Qd2 Bxc4
22. Rxc4 b6 23. b4 e4 24. dxe4 Nd6 1/2-1/2

[Event "TCh-POL Ekstraliga 2025"]
[Site "Chotowa POL"]
[Date "2025.06.04"]
[Round "3.4"]
[White "Warakomski, Tomasz"]
[Black "Nurkiewicz, Maciej"]
[Result "1-0"]
[WhiteTitle "GM"]
[WhiteElo "2545"]
[BlackElo "2327"]
[WhiteTeam "Akademia Szachowa Gliwice"]
[BlackTeam "LKS Wrzos Miedzyborow"]
[WhiteFideId "1124552"]
[BlackFideId "1107046"]
[EventDate "2025.06.02"]

1. e4 c5 2. Nf3 d6 3. d4 cxd4 4. Nxd4 Nf6 5. Nc3 a6 6. Nb3 e6 7. Be3 b5 8. e5
dxe5 9. Qf3 Nd5 10. O-O-O Bb7 11. Bd3 Be7 12. Be4 O-O 13. Nxd5 exd5 14. Bxd5
Bxd5 15. Rxd5 Qc7 16. Rhd1 Nc6 17. Rd7 Qc8 18. Qe4 Rb8 19. Bc5 Rd8 20. Rxd8+
Bxd8 21. Rd6 Na5 22. Ba7 Ra8 23. Nxa5 Bxa5 24. Rxa6 Bb4 25. a3 Be7 26. Qd5 b4
27. axb4 Bxb4 28. Ra2 h6 29. Kb1 Qe8 30. Bb6 Rxa2 31. Kxa2 Bf8 32. Kb3 Kh7 33.
c4 f5 34. f4 e4 35. Qxf5+ Kh8 36. Qe5 Qc6 37. Be3 Qb7+ 38. Qb5 Qa8 39. f5 Be7
40. Bf4 Kh7 41. Qd5 Qa1 42. f6 Bxf6 43. Qxe4+ Kh8 44. Qe8+ Kh7 45. Qe2 Qa5 46.
Bd2 Qb6+ 47. Bb4 Qb7 48. Qd3+ Kh8 49. Qd5 Qb8 50. h3 Qb6 51. Qa8+ Kh7 52. Qe4+
Kh8 53. Qe8+ Kh7 54. c5 Qa6 55. Qe4+ Kh8 56. c6 1-0

[Event "TCh-POL Ekstraliga 2025"]
[Site "Chotowa POL"]
[Date "2025.06.04"]
[Round "3.5"]
[White "Bartel, Michal"]
[Black "Klekowski, Maciej"]
[Result "1-0"]
[WhiteTitle "FM"]
[BlackTitle "GM"]
[WhiteElo "2248"]
[BlackElo "2474"]
[WhiteTeam "LKS Wrzos Miedzyborow"]
[BlackTeam "Akademia Szachowa Gliwice"]
[WhiteFideId "1119257"]
[BlackFideId "1132717"]
[EventDate "2025.06.02"]

1. e4 c5 2. g3 d5 3. exd5 Qxd5 4. Nf3 Bg4 5. Bg2 Qe6+ 6. Kf1 Nc6 7. h3 Bh5 8. d3
Qd7 9. Na3 e5 10. Nc4 f6 11. Be3 Bf7 12. Kg1 h5 13. Qe2 Nh6 14. a3 Nf5 15. c3
Rd8 16. Ne1 Be7 17. b4 Nxe3 18. Nxe3 a6 19. g4 Kf8 20. Be4 g6 21. N1g2 Kg7 22.
f4 hxg4 23. hxg4 Rxh1+ 24. Kxh1 Rh8+ 25. Kg1 exf4 26. Nxf4 Bd6 27. Rf1 Be5 28.
Nd1 Rh4 29. Ne3 Bxc3 30. Nh5+ Kf8 31. Nxf6 Qd6 32. Nfd5 Qg3+ 33. Qg2 Qxg2+ 34.
Kxg2 cxb4 35. Bxg6 Ne5 36. Bxf7 Nxf7 37. axb4 Be5 38. Kf3 Ke8 39. Ke4 Bd6 40.
Kf5 Kd7 41. Nf6+ Kc6 42. Rc1+ Kb5 43. Ke6 Bf4 44. Rc5+ Ka4 45. Ng2 1-0

[Event "TCh-POL Ekstraliga 2025"]
[Site "Chotowa POL"]
[Date "2025.06.04"]
[Round "3.6"]
[White "Antolak, Julia"]
[Black "Kulon, Klaudia"]
[Result "0-1"]
[WhiteTitle "WGM"]
[BlackTitle "IM"]
[WhiteElo "2279"]
[BlackElo "2407"]
[WhiteTeam "Akademia Szachowa Gliwice"]
[BlackTeam "LKS Wrzos Miedzyborow"]
[WhiteFideId "1159569"]
[BlackFideId "1131044"]
[EventDate "2025.06.02"]

1. e4 c6 2. d4 d5 3. Nd2 dxe4 4. Nxe4 Nf6 5. Nxf6+ exf6 6. c3 Bd6 7. Bd3 O-O 8.
Ne2 Re8 9. O-O Nd7 10. Ng3 g6 11. f4 f5 12. Qf3 Nf6 13. Bd2 Be6 14. Rfe1 Qd7 15.
c4 Bc7 16. Bc3 Bb6 17. c5 Bc7 18. Nf1 b5 19. Ne3 a5 20. b3 Bd5 21. Qf2 b4 22.
Bb2 a4 23. bxa4 Rxa4 24. Nc4 Ne4 25. Qc2 Rea8 26. Nb6 Bxb6 27. cxb6 Rxa2 28.
Bxe4 fxe4 29. f5 Rxa1 30. Rxa1 Rb8 31. f6 e3 32. Qe2 Qe6 33. b7 Qxf6 34. Qxe3
Qd8 35. Ra7 Qb6 36. Ra8 Qxb7 37. Rxb8+ Qxb8 38. Qe7 b3 39. Qf6 Qe8 40. h4 Qe1+
41. Kh2 Qe2 0-1

[Event "TCh-POL Ekstraliga 2025"]
[Site "Chotowa POL"]
[Date "2025.06.04"]
[Round "3.1"]
[White "Noe, Christopher"]
[Black "Bluebaum, Matthias"]
[Result "1/2-1/2"]
[WhiteTitle "IM"]
[BlackTitle "GM"]
[WhiteElo "2502"]
[BlackElo "2663"]
[WhiteTeam "KS LAURA Chylice"]
[BlackTeam "KSz Silesia Raciborz"]
[WhiteFideId "24692018"]
[BlackFideId "24651516"]
[EventDate "2025.06.02"]

1. Nf3 d5 2. d4 Nf6 3. g3 c5 4. Bg2 cxd4 5. O-O e6 6. Nxd4 e5 7. Nb3 a5 8. Bg5
a4 9. N3d2 Be7 10. c4 d4 11. e3 O-O 12. exd4 exd4 13. Na3 Nc6 14. Nb5 Bg4 15.
Nf3 d3 16. Re1 Nb4 17. Re5 h6 18. Bf4 Nc6 19. Re3 Bf5 20. Ne5 Bc5 21. Rxd3 Bxd3
22. Nxd3 Be7 23. Qf3 Qd7 24. Rd1 Qf5 25. Bd6 Qxf3 26. Bxf3 Rfe8 27. Nc5 Na5 28.
b3 axb3 29. axb3 Bxd6 30. Nxd6 Red8 31. Kg2 b6 32. Bxa8 bxc5 33. Bf3 1/2-1/2

[Event "TCh-POL Ekstraliga 2025"]
[Site "Chotowa POL"]
[Date "2025.06.04"]
[Round "3.2"]
[White "Kozak, Adam"]
[Black "Kowalski, Igor"]
[Result "1/2-1/2"]
[WhiteTitle "GM"]
[BlackTitle "IM"]
[WhiteElo "2587"]
[BlackElo "2406"]
[WhiteTeam "KSz Silesia Raciborz"]
[BlackTeam "KS LAURA Chylice"]
[WhiteFideId "753246"]
[BlackFideId "1172468"]
[EventDate "2025.06.02"]

1. Nf3 Nf6 2. b3 d5 3. Bb2 Bf5 4. d3 h6 5. Nbd2 e6 6. g3 Be7 7. Bg2 O-O 8. O-O
c6 9. Re1 Bh7 10. e4 Nbd7 11. Qe2 a5 12. a4 Qb6 13. exd5 cxd5 14. Nd4 Rfe8 15.
Nb5 e5 16. Nf1 Bb4 17. Rec1 Rac8 18. Ne3 Qe6 19. d4 Be4 20. c3 Bf8 21. Bxe4 Nxe4
22. c4 dxc4 23. Rxc4 exd4 24. Nxd4 Qg6 25. Rxc8 Rxc8 26. Ndf5 Qe6 27. Rd1 Ndf6
28. Nd4 Qe8 29. Nc4 Bb4 30. Rd3 Rd8 31. Kg2 Qd7 32. Ne5 Qc8 33. Ndf3 Bc5 34. Bd4
Bxd4 35. Nxd4 Ng5 36. h4 Nge4 37. Ndf3 Rxd3 38. Qxd3 Qc5 39. Qd8+ Kh7 40. Qd4
Kg8 41. Nc4 Qc7 42. Qe5 Qc8 43. Qf4 1/2-1/2

[Event "TCh-POL Ekstraliga 2025"]
[Site "Chotowa POL"]
[Date "2025.06.04"]
[Round "3.3"]
[White "Kokoszczynski, Jan"]
[Black "Szpar, Milosz"]
[Result "1/2-1/2"]
[WhiteTitle "FM"]
[BlackTitle "IM"]
[WhiteElo "2307"]
[BlackElo "2495"]
[WhiteTeam "KS LAURA Chylice"]
[BlackTeam "KSz Silesia Raciborz"]
[WhiteFideId "1174460"]
[BlackFideId "1184989"]
[EventDate "2025.06.02"]

1. e4 e6 2. d4 d5 3. e5 c5 4. c3 Nc6 5. Nf3 Bd7 6. Be2 f6 7. O-O fxe5 8. Nxe5
Nxe5 9. dxe5 Qc7 10. Re1 O-O-O 11. Bf1 Ne7 12. a4 Nf5 13. Na3 c4 14. b4 cxb3 15.
Qxb3 Bc5 16. Ra2 Rhf8 17. Nb5 Bxb5 18. Bxb5 Rf7 19. Bd3 Rdf8 20. Ba3 g5 21. Rb1
Nh6 22. Bxc5 Qxc5 23. Qb5 Rc7 24. Qxc5 Rxc5 25. c4 Rf7 26. cxd5 Rxd5 27. Rc2+
Kb8 28. Rbc1 a6 29. Be4 Rxe5 30. Rc8+ Ka7 31. f3 Nf5 32. R1c7 Rxc7 33. Rxc7 Nd6
34. Bxh7 Kb6 35. Re7 Ka5 36. Bg8 Kxa4 37. Rd7 Nf5 38. Rxb7 Re2 39. Rb6 Nh4 40.
Rxa6+ 1/2-1/2

[Event "TCh-POL Ekstraliga 2025"]
[Site "Chotowa POL"]
[Date "2025.06.04"]
[Round "3.4"]
[White "Berkes, Ferenc"]
[Black "Chylewski, Patryk"]
[Result "1-0"]
[WhiteTitle "GM"]
[BlackTitle "IM"]
[WhiteElo "2613"]
[BlackElo "2313"]
[WhiteTeam "KSz Silesia Raciborz"]
[BlackTeam "KS LAURA Chylice"]
[WhiteFideId "718572"]
[BlackFideId "1186191"]
[EventDate "2025.06.02"]

1. d4 d5 2. c4 dxc4 3. Nf3 Nf6 4. Qa4+ Nbd7 5. Nc3 a6 6. e4 c6 7. Qxc4 e6 8. e5
Nd5 9. Nxd5 cxd5 10. Qc2 Be7 11. Bd3 h6 12. O-O Nb8 13. Be3 Bd7 14. Qe2 Nc6 15.
a3 Na5 16. Nd2 b5 17. b3 g6 18. g3 Qb6 19. h4 b4 20. a4 Nc6 21. Rac1 a5 22. Rc2
O-O-O 23. Rfc1 Kb7 24. Qf3 g5 25. Bb5 Rc8 26. Qxf7 Rhe8 27. hxg5 hxg5 28. Bxg5
Qd8 29. Bf6 Rc7 30. Nf3 Bxf6 31. exf6 Rf8 32. Qg7 Rg8 33. Qh6 Rh8 34. Qf4 Qe8
35. f7 1-0